00322nam a2200133Ia 4500008004100000020001500041041001200056082001600068100001500084245004800099260002500147300000800172650000800180221030s9999 xx 000 0 und d a8120306996 aEnglish a105.23bLia aS. Y. Liao 0aMicrowave Devices & Circuitscby S. Y. Liao bPHIaNew Delhic2000 a542 aECE